000 00354nam a2200145Ia 4500
008 230917s9999||||xx |||||||||||||| ||und||
040 _e145124
_aMAIN
041 _aEnglish
082 _a519.5 G643F
100 _aGoon, A.M
245 0 _aFundamentals of statistics. V2
260 _aColcutta
_bThe world press
_c1994
300 _a557 p.
942 _cBK
999 _c232633
_d232633